'What If?' Movies Quiz Stats

 Plays Quiz Updated Jul 14, 2014

Support Sporcle.
Go Orange.
Score 0/21 Timer 05:00
0 Plays Today
What if... Film % Correct
a little boy was left behind on Christmas and had to fend off burglars?Home Alone
93.1%
a mortal was given god's powers for a week?Bruce Almighty
90.4%
what happened in a board game affected real life?Jumanji
84.3%
a weatherman kept reliving the same 24 hours?Groundhog Day
83.3%
a boy wished to become an adult, and the wish came true?Big
83.2%
an ad executive could read women's minds?What Women Want
83.1%
an architect had a TV remote that controlled the universe?Click
82%
a mother and daughter switched bodies?Freaky Friday
81.7%
a girl wished to become an adult, and the wish came true?13 Going on 30
77.4%
a superficial man only saw women for their inner beauty?Shallow Hal
71%
a man wished to become a teen, and the wish came true?17 Again
68.9%
What if... Film % Correct
siblings were transported into a '50s black-and-white sitcom?Pleasantville
60%
an angel kept a man from killing himself on Christmas Eve?It's a Wonderful Life
55.5%
both pilots got food poisoning and an ex-fighter pilot had to land the craft?Airplane!
51.8%
a former couple had their memories of each other erased?Eternal Sunshine of the Spotless Mind
48.6%
a puppeteer found a portal into the mind of an actor?Being John Malkovich
43.8%
two teens designed a perfect woman, and she came to life?Weird Science
43.5%
a writer narrated a man's life while it happened?Stranger Than Fiction
41.2%
a popular teen and a middle-aged criminal switched bodies?The Hot Chick
38.2%
a man had to spend $30 million within 30 days in order to inherit $300 million?Brewster's Millions
24.1%
a bride and a mysterious old man switch bodies?Prelude to a Kiss
4.1%

You're not logged in!

Compare scores with friends on all Sporcle quizzes.
OR
Log In

From the Vault

'B' Names by 3 Surnames

by lolshortee

Let's get on a last-name-basis with some celebrities.
Remove Ads.
Support Sporcle.
Get the best of Sporcle when you Go Orange. This ad-free experience offers more features, more stats, and more fun while also helping to support Sporcle. Thank you for becoming a member.

Show Comments

Extras

Top Quizzes Today


Score Distribution

Your Account Isn't Verified!

In order to create a playlist on Sporcle, you need to verify the email address you used during registration. Go to your Sporcle Settings to finish the process.

Report this User

Report this user for behavior that violates our Community Guidelines.

Details: